Verdad y orden : homilias universitarias /

Zapisane w:
Opis bibliograficzny
1. autor: Guardini, Romano (autor)
Kolejni autorzy: Valverde, José María (traducción) (traducción)
Format: Książka
Język:hiszpański
Wydane: Madrid, España : Guadarrama, 1960, c1960
Etykiety: Dodaj etykietę
Nie ma etykietki, Dołącz pierwszą etykiete!

MARC

LEADER 00000nam^a2200000^a^4500
001 000627777
005 20260220000000.0
009 20260310134100.471
037 |a Acervo ITESO - Biblioteca 
041 |a ESP 
091 |a FOB. 04127 
100 |a Guardini, Romano  |e (autor) 
245 1 0 |a Verdad y orden :  |b homilias universitarias / 
264 4 |a Madrid, España :  |b Guadarrama,  |c 1960, c1960 
300 |a 2 v. (174, 287 p.) 
336 |a texto  |b txt  |2 rdacontenido 
337 |a sin mediación  |b n  |2 rdamedio 
338 |a volumen  |b nc  |2 rdasoporte 
649 |a XX 
700 |a Valverde, José María  |e (traducción) 
910 |a Fondo Carlos de Obeso Orendain 
920 |a Impresos - Libros 
930 |a Fondos Especiales 
905 |a 147 
901 |a 627777-10  |b IT2  |c ESP  |i D  |u 20260211 
901 |a 627777-20  |b IT2  |c ESP  |i D  |u 20260211 
902 |a https://opac.biblio.iteso.mx/vufind/Record/000627777